000 005280000a22001810004500
020 _a0-311-42080-X
041 0 _aSPA
082 0 4 _aG 259.4 A525c
100 1 _aAmos, William E. (1940-)
245 1 0 _aCuando el SIDA llega a la iglesia / William E. Amos ; José Luis Martínez, Traductor
260 _aEl Paso, TX., USA : Casa Bautista de Publicaciones
300 _a111 Pag
001 6664
942 _cBK
999 _c36932
_d36932
336 _atexto
_btxt
_2rdacontent
337 _2rdamedia
_asin mediación
_bn
338 _2rdacarrier
_avolumen
_bnc